| 000 | 005070000a22001450004500 | ||
|---|---|---|---|
| 001 | 1100 | ||
| 082 | 0 | 4 | _aG CD L585c |
| 100 | 1 | _aLewis, Clive Staples (1898-1963) | |
| 245 | 1 | 0 | _aLas crónicas de Narnia / Clive Staples, Lewis |
| 260 | _a[S.L.] : Harper Collins | ||
| 300 | _a802 P. | ||
| 440 | 0 | _aCol. \ Rayo | |
| 505 | 0 | 0 | _aEl Sobrino del Mago El León, La Bruja y el Ropero. El Caballo y el Muchacho El Príncipe Caspian La Travesía del Viajero del Alba La Silla de Plata La Última Batalla |
| 942 | _cLGB | ||
| 999 |
_c48276 _d48276 |
||